000 01242cam a22003733a 4500
001 15402
003 PGUSA
005 20140828083329.0
008 050318s2005||||xxu|||||s|||||000 1 eng d
040 _aPGUSA
_beng
042 _adc
050 4 _aPS
100 1 _aDickinson, Anna E.
_q(Anna Elizabeth),
_d1842-1932
245 1 0 _aWhat Answer?
_h[electronic resource] /
_cAnna E. Dickinson
260 _bProject Gutenberg,
_c2005
506 _aPublic domain in the USA.
516 _aElectronic text
653 _aDraft Riot, New York, N.Y., 1863 -- Fiction
653 _aAfrican Americans -- Fiction
653 _aPhiladelphia (Pa.) -- Fiction
653 _aUnited States -- History -- Civil War, 1861-1865 -- Fiction
653 _aNew York (N.Y.) -- Fiction
653 _aWar stories
653 _aPolitical fiction
653 _aLove stories
653 _aRacially mixed people -- Fiction
653 _aInterracial marriage -- Fiction
653 _aRacism -- Fiction
653 _aUnited States -- History -- Civil War, 1861-1865 -- African Americans -- Fiction
653 _aPassing (Identity) -- Fiction
830 0 _aProject Gutenberg
_v15402
856 4 0 _uhttp://www.gutenberg.org/ebooks/15402
942 _cEB
999 _c244657
_d244657